RICS rating campaign (Record no. 61613)

MARC details
000 -LEADER
fixed length control field 00664cam a2200169 4500
001 - CONTROL NUMBER
control field WB3533-34
008 - FIXED-LENGTH DATA ELEMENTS--GENERAL INFORMATION
fixed length control field 000000n1999 000 0 eng u
035 ## - SYSTEM CONTROL NUMBER
System control number (Sirsi) u102616
245 ## - TITLE STATEMENT
Title RICS rating campaign
260 ## - PUBLICATION, DISTRIBUTION, ETC.
Date of publication, distribution, etc. 1999
490 ## - SERIES STATEMENT
Series statement Property Week
Volume/sequential designation 64(32) 20 August 1999, 5(1)
520 ## - SUMMARY, ETC.
Summary, etc. RICS is backing a publicity campaign to protect smaller occupiers from cowboy rating firms. 150,000 warning letters are being distributed to trade associations and business groups in a joint initiative with the DETR, the Valuation Office, the ISVA and the IRRV.
650 ## - SUBJECT ADDED ENTRY--TOPICAL TERM
Topical term or geographic name entry element RICS
650 ## - SUBJECT ADDED ENTRY--TOPICAL TERM
Topical term or geographic name entry element RATING COWBOYS
690 ## - LOCAL SUBJECT ADDED ENTRY--TOPICAL TERM (OCLC, RLIN)
Topical term or geographic name as entry element RATING AND VALUATION
942 ## - ADDED ENTRY ELEMENTS (KOHA)
Suppress in OPAC 0
Holdings
Withdrawn status Lost status Source of classification or shelving scheme Damaged status Not for loan Home library Current library Shelving location Date acquired Total Checkouts Full call number Barcode Date last seen Copy number Price effective from Koha item type
    Dewey Decimal Classification     London London News article 23/11/1999   WB3533-34 102616-1001 06/08/2019 1 06/08/2019 News article